| 000 | 01429nam0a2200361 4500 | ||
|---|---|---|---|
| 001 | RU\NLR\bibl\1045931 | ||
| 005 | 20250615032632.0 | ||
| 010 |
_a5-8044-0555-1 _9200 |
||
| 021 |
_aRU _b2006-84949 _94305 |
||
| 035 | _a(nilc)RSL-KNO-003014843 | ||
| 035 | _a(NLR Aleph) 001033290 | ||
| 090 |
_a772267 _c772267 |
||
| 100 | _a20061226d2006 |||y0rusy50 ca | ||
| 101 | 0 | _arus | |
| 102 | _aRU | ||
| 105 | _aa zzzz||||| | ||
| 106 | _ar | ||
| 200 | 1 |
_aМодели и методы повышения живучести управляемых систем _fЛ.Т. Ащепков, У. Бадам _gРоссийская акад. наук, Дальневосточное отд-ние, Ин-т прикладной математики |
|
| 210 |
_aВладивосток _cДальнаука _d2006 |
||
| 215 |
_a156 с. _cил. _d22 |
||
| 320 | _aБиблиогр.: с. 153-156 (57 назв.) | ||
| 606 | 1 |
_aТехнические системы _xЖивучесть _92254826 _3RU\NLR\auth\661352301 |
|
| 610 | 0 | _aуправляемые системы - живучесть | |
| 686 |
_aЗ965-024с11я73-1 _2rubbk |
||
| 686 | _aЖ21 | ||
| 700 | 1 |
_aАщепков _bЛ. Т. _gЛеонид Тимофеевич _4070 |
|
| 701 | 1 |
_aБадам _bУ. _gУлемж _4070 |
|
| 801 | 0 |
_aRU _bРКП _c20061226 _grcr |
|
| 801 | 1 |
_aRU _bРГБ _c20061226 |
|
| 801 | 2 |
_aRU _bNLR _c20070215 _grcr |
|
| 942 | _cBOOK | ||
| 980 | _aNB | ||